الصحة والسلامة والبيئة المهنية / (رقم التسجيلة. 143014)
[ عرض عادي ]
| 000 -الفاتح | |
|---|---|
| عناصر البيانات ثابتة الطول | 00763cam a2200205 i 4500 |
| 005 - تاريخ ووقت آخر معاملة | |
| حقل ضبط | 20260127090118.0 |
| 008 - عناصر البيانات ثابتة الطول | |
| عناصر البيانات ثابتة الطول | 250721s2020 jo gr 000 0 ara d |
| 020 ## - الترقيم الدولي المعياري للكتب (ردمك) | |
| الترقيم الدولي المعياري للكتب (ردمك) | 9789957652319 |
| 082 14 - رقم تصنيف ديوي العشري | |
| رقم التصنيف | 363.1 |
| رقم المادة | س م و |
| 100 1# - مدخل رئيسي – اسم شخصي | |
| الاسم الشخصي | سمور، سوسن |
| علاقة الشخص بالعمل/ دوره | مؤلف. |
| 245 10 - بيان العنوان | |
| العنوان | الصحة والسلامة والبيئة المهنية / |
| بيان المسؤولية | الدكتورة سوسن سمور، الدكتور فادي سمور. |
| 250 ## - بيان الطبعة | |
| بيان الطبعة | الطبعة الأولى. |
| 264 31 - بيانات النشر، التوزيع…إلخ | |
| مكان النشر، التوزيع...إلخ | عمان : |
| اسم الناشر، الموزع...إلخ | دار المعتز للنشر والتوزيع، |
| تاريخ النشر، التوزيع...إلخ | 2020. |
| 300 ## - الوصف المادي | |
| عدد الوحدات المكونة للوعاء | 195 صفحة. |
| 650 17 - مدخل إضافي بالموضوع - مصطلح موضوعي | |
| مصطلح موضوعي أو اسم جغرافي كعنصر مدخل | الصحة المهنية. |
| 650 17 - مدخل إضافي بالموضوع - مصطلح موضوعي | |
| مصطلح موضوعي أو اسم جغرافي كعنصر مدخل | السلامة الصناعية. |
| 700 1# - مدخل إضافي - اسم شخصي | |
| الاسم الشخصي | سمور، فادي |
| علاقة الشخص بالعمل/ دوره | مؤلف. |
| 942 ## - بيانات إضافية (كوها) | |
| نوع التنصيف | Dewey Decimal Classification |
| نوع المادة (كوها) | كتب |
| حالة السحب | حالة الفقدان | مصدر التصنيف | حالة التلف | غير قابل للإعارة | المكتبة الرئيسية | المكتبة الحالية | موقع الرف | تاريخ التزويد | الرقم المتسلسل | Total Checkouts | رقم الإستدعاء | الباركود | تاريخ آخر ظهور | تاريخ الفاتورة | نوع المادة (كوها) |
|---|---|---|---|---|---|---|---|---|---|---|---|---|---|---|---|
| Dewey Decimal Classification | المكتبة المركزية | المكتبة المركزية | الإعارة | 22/02/2024 | 1784952 | 363.1 / س م و | PLD00508285 | 28/07/2025 | 22/02/2024 | كتب | |||||
| Dewey Decimal Classification | مكتبة أم قصير والمقابلين العامة | مكتبة أم قصير والمقابلين العامة | الإعارة | 22/02/2024 | 1784954 | 363.1/سمو | PLD00508287 | 28/07/2025 | 22/02/2024 | كتب | |||||
| Dewey Decimal Classification | مكتبة حمزة العامة | مكتبة حمزة العامة | الإعارة | 22/02/2024 | 1784953 | 363.1/سمو | PLD00508286 | 28/07/2025 | 22/02/2024 | كتب | |||||
| Dewey Decimal Classification | مكتبة وادي السير العامة | مكتبة وادي السير العامة | الإعارة | 28/07/2025 | 1758753 | 363.1/سمو | PLD00494617 | 28/07/2025 | 28/07/2025 | كتب |